Holiday Quiz

Random Holiday or Christmas Quiz
Score 0/30 Timer 00:30
1 Play Today
% Correct
Jingle bells
78.5%
jingle bell
76.4%
In the
76.3%
of fun
74.3%
chime in
73.9%
jingle bell,
73.6%
Jingle bell,
73.5%
Jingle Bell
73.4%
time.
73.2%
has begun.
72.7%
jingle bell rock,
72.5%
and blowing
72.2%
Now the
71.3%
swing and
71.2%
Snowing
71.1%
% Correct
air!
71%
prancing in
70.3%
ring.
69.7%
jingle hop
69.7%
HAPPY
69.6%
jingle bell,
69.5%
frosty
69.1%
Dancing and
68.9%
Square,
68.7%
jingle bells
68.3%
jingle bell rock,
67.4%
up bushels
65.9%
HOLIDAYS!
65.8%
Jingle bells
65%
Jingle bell,
61.8%
Remove Ads.
Support Sporcle.
Get the best of Sporcle when you Go Orange. This ad-free experience offers more features, more stats, and more fun while also helping to support Sporcle. Thank you for becoming a member.

You're not logged in!

Compare scores with friends on all Sporcle quizzes.
OR
Log In

Sporcle TV

Today on Sporcle TV


Watch our educational content, quiz creation guides, and fun videos on Sporcle TV.

Show Comments

Extras

Top Quizzes Today


Score Distribution

Paid Content

Your Account Isn't Verified!

In order to create a playlist on Sporcle, you need to verify the email address you used during registration. Go to your Sporcle Settings to finish the process.

Report this User

Report this user for behavior that violates our Community Guidelines.

Details: